| 000 | 00539nam a2200193Ia 4500 | ||
|---|---|---|---|
| 005 | 20250508162154.0 | ||
| 008 | 008 250505s9999 xx 000 0 eng d | ||
| 037 | _aTextual | ||
| 040 |
_aFEDL _beng _cFEDL |
||
| 041 |
_aeng _2eng |
||
| 084 |
_a370.1, GAR _qFEDL |
||
| 100 |
_aGarforth F.W. _9772495 |
||
| 245 | 0 | _aJohn stuart mill's theory of education | |
| 260 |
_aOxford _bMartin Robertson _c1979 |
||
| 300 | _axiii,269p. | ||
| 650 | _aEducation-Philosophy | ||
| 942 |
_cTEXL _h370.1, GAR |
||
| 999 |
_c1374811 _d1374811 |
||